000 01938 a2200241 4500
003 UA-OsUOA
005 20260302101600.0
008 260227b un ||||| |||| 00| 0 ukr d
020 _a9788377028469
040 _cUA-OsUOA
080 _a504
090 _a504
100 _aWyrostkiewicz M.
_923321
245 _aHuman Ecology. An Outline of the Concept and the Relationship between Man and Nature
_cMichał Wyrostkiewicz
260 _aLublin
_bKatolicki Uniwersytet Lubelski
_c2013
300 _a127 s.
505 0 0 _aIntroduction 1. At the Sources of Human Ecology 1.1. Ecology as a Natural Science 1.2. Ecological Theological Dialogue: Needs and Possibilities 2. The Man Person in the Natural Environment 2.1. Man and the Person. Toward an Integral Vision of the Human Being 2.2. The Natural Environment of the Human Being 3. Human Ecology as the Fruit of Ecological and Moral Theological Dialogue 4. Ecological - meaning being in Accord with the Nature 5. The Integrated Development of the Person as the Essential Category of Human Ecology. Anthropological Theological Bases of Development 5.1. The Essence of Integrated Development of a Person 5.2. Integral Development as a Vocation and Inalienable Right of a Human Being 6. The Postulate of Sustainable Development and the Idea of Integrated Development of a Human Being Conclusion
520 _aKsiążka "Human Ecology. An Outline of the Concept and the Relationship between Man and Nature" - Michał Wyrostkiewicz - oprawa miękka - Wydawnictwo Katolicki Uniwersytet Lubelski, KUL. Książka posiada 128 stron i została wydana w 2014 r.
650 _a504 Загроза навколишньому середовищу/ В тому числі: Забруднення
_923322
942 _cBK
_2udc
955 _a1
999 _c579732
_d579732